| 000 | 00451nam a2200169Ia 4500 | ||
|---|---|---|---|
| 003 | GCL | ||
| 008 | 140319s9999 xx 000 0 eng d | ||
| 040 |
_aGCL / _cGCL |
||
| 082 | 0 | 4 |
_a330.9009593 _bA T |
| 245 | 1 | 0 | _aTHAILAND INDUSTRY OUTLOOK 2000 - 2001 |
| 260 |
_aتايلانــد : _bADVANCED RESEARCH GROUP. LIT |
||
| 300 |
_a28 CM ؛ _c302 P |
||
| 650 | 0 | 4 | _aECONOMICS |
| 650 | 0 | 4 | _aTHAILAND |
| 650 | 0 | 4 | _aINDUSTRIES - THAILAND |
| 942 |
_2ddc _cBK |
||
| 999 |
_c1901 _d1901 |
||